[Event "Cannes op"]
[Site "Cannes"]
[Date "2007.02.22"]
[Round "6"]
[White "Parodi, Alessandro"]
[Black "Lelimousin, Vincent"]
[Result "1/2-1/2"]
[WhiteElo "1893"]
[BlackElo "2142"]
[PlyCount "25"]
[EventDate "2007.02.18"]
[EventType "swiss"]
[EventRounds "9"]
[EventCountry "FRA"]
[SourceTitle "CBM 116 Extra"]
[Source "ChessBase"]
[SourceDate "2007.03.07"]
[SourceVersion "1"]
[SourceVersionDate "2007.03.07"]
[SourceQuality "1"]

1. d4 Nf6 2. c4 c5 3. d5 b5 4. cxb5 a6 5. e3 axb5 6. Bxb5 Qa5+ 7. Nc3 Bb7 8. Bd2 Qb6 9. Qb3 g6 10. a4 Bg7 11. Nf3 0-0 12. 0-0 Na6 13. a5 1/2-1/2

[Event "Cannes op"]
[Site "Cannes"]
[Date "2007.02.18"]
[Round "1"]
[White "Lelimousin, Vincent"]
[Black "Foisor, Cristina Adela B"]
[Result "0-1"]
[WhiteElo "2142"]
[BlackElo "2399"]
[PlyCount "94"]
[EventDate "2007.02.18"]
[EventType "swiss"]
[EventRounds "9"]
[EventCountry "FRA"]
[SourceTitle "CBM 116 Extra"]
[Source "ChessBase"]
[SourceDate "2007.03.07"]
[SourceVersion "1"]
[SourceVersionDate "2007.03.07"]
[SourceQuality "1"]

1. e4 c5 2. Nc3 g6 3. g3 Bg7 4. Bg2 Nc6 5. d3 d6 6. Be3 Rb8 7. Qd2 b5 8. h3 a5 9. Nge2 Nd4 10. Nc1 Nf6 11. Nd1 b4 12. c3 bxc3 13. bxc3 Ne6 14. Bh6 Bxh6 15. Qxh6 a4 16. 0-0 Qa5 17. Qe3 0-0 18. f4 Ng7 19. Ne2 a3 20. Nc1 c4 21. dxc4 Ba6 22. Nb3 Qc7 23. Re1 Bxc4 24. Nd4 e5 25. Nc2 Qa5 26. Nb4 Rfc8 27. Nf2 Be6 28. Red1 exf4 29. gxf4 Qc5 30. Qxc5 dxc5 31. e5 cxb4 32. exf6 Nh5 33. cxb4 Nxf6 34. Rd3 Rxb4 35. Rxa3 Rxf4 36. Nd3 Rd4 37. Ne5 Rd2 38. Nf3 Rb2 39. Nd4 Bd5 40. Bxd5 Nxd5 41. Rb3 Rxb3 42. axb3 Rc3 43. Ra8+ Kg7 44. Rd8 Nb4 45. Rb8 Nc2 46. Ne2 Rxh3 47. b4 Rb3 0-1

[Event "Val Thorens op"]
[Site "Val Thorens"]
[Date "1993.??.??"]
[Round "2"]
[White "Lelimousin, Vincent"]
[Black "Claverie, Christophe"]
[Result "0-1"]
[WhiteElo "1850"]
[BlackElo "2245"]
[PlyCount "118"]
[EventDate "1993.??.??"]
[EventType "swiss"]
[EventRounds "8"]
[EventCountry "FRA"]
[SourceTitle "EXT 1999"]
[Source "ChessBase"]
[SourceDate "1998.11.16"]
[SourceVersion "1"]
[SourceVersionDate "1998.11.16"]
[SourceQuality "1"]

1. e4 c5 2. Nc3 e6 3. g3 d5 4. exd5 exd5 5. Bg2 Nf6 6. d4 cxd4 7. Qxd4 Nc6 8. Qa4 Bb4 9. Nge2 0-0 10. 0-0 Bxc3 11. Nxc3 d4 12. Rd1 Bg4 13. f3 Bd7 14. Ne2 d3 15. cxd3 Re8 16. Nc3 Qb6+ 17. d4 a6 18. Qb3 Qa7 19. Qc4 Rac8 20. Qc5 b6 21. Qd6 Re6 22. Qf4 b5 23. Kf1 Na5 24. d5 Ree8 25. Ne4 Nxe4 26. fxe4 Rc2 27. Be3 Qb7 28. Bd4 Nc4 29. Kg1 f6 30. Rac1 Rxc1 31. Rxc1 Ne5 32. Qe3 b4 33. Qb3 h5 34. a3 a5 35. axb4 axb4 36. Bf1 Kh7 37. Qd1 Bg4 38. Be2 Qd7 39. Bxg4 hxg4 40. Bxe5 Rxe5 41. Qe2 f5 42. Qc4 Rxe4 43. Qc6 Qa7+ 44. Qc5 Qd7 45. d6 Re2 46. Qc8 Qf7 47. Rf1 Kg6 48. d7 Qe6 49. Qb7 Rd2 50. d8Q Rxd8 51. Qxb4 Qe3+ 52. Kh1 Rd2 53. Qf4 Qd3 54. Kg1 Rxb2 55. Qe5 Re2 56. Qf4 Qd5 57. Rf2 Re1+ 58. Rf1 Qd4+ 59. Kh1 Re2 0-1